000 00702cab a2200229 4500
001 x92483
008 090401t1998 xxu||||| |||| 00| 0 eng d
035 _a(Sirsi) u87006
041 _aeng
245 _aCreska Ltd v Hammersmith and Fulham LBC
260 _c1998
350 _a0
490 _aNew Property Cases
_v1998 NPC 101
520 _aCA 12 June 1998. A repairing covenant in a lease is construed as meaning what it says. NB NO PHOTOCOPYING ALLOWED.
650 _aCABLING
650 _aCRESKA LTD V HAMMERSMITH AND FULHAM LBC
650 _aPIPES
650 _aREPAIRING COVENANTS
690 _aLANDLORD AND TENANT-CASE LAW-BUSINESS TENANCIES
942 _n0
948 _c24/06/1998
999 _c54808
_d54808